Prevalencia de las ulceras por presion y la aplicacion de la escala de Braden en los pacientes hospitalizados en el servicio de medicina interna de un hospital de tercer nivel en la ciudad de Cartagena durante el año 2011 (Registro nro. 3795)

Detalles MARC
000 -LEADER
fixed length control field 01612nmm a2200325 a 4500
003 - CONTROL NUMBER IDENTIFIER
control field CO-CtgCURN
005 - DATE AND TIME OF LATEST TRANSACTION
control field 20250329165430.0
007 - PHYSICAL DESCRIPTION FIXED FIELD--GENERAL INFORMATION
fixed length control field co cga---uuuuu
008 - FIXED-LENGTH DATA ELEMENTS--GENERAL INFORMATION
fixed length control field 160531s2011 i eng d
040 ## - CATALOGING SOURCE
Original cataloging agency CO-CtgCURN
Language of cataloging spa
Transcribing agency coctgcurn
082 0# - DEWEY DECIMAL CLASSIFICATION NUMBER
Classification number ENF 2011
Item number R457
245 00 - TITLE STATEMENT
Title Prevalencia de las ulceras por presion y la aplicacion de la escala de Braden en los pacientes hospitalizados en el servicio de medicina interna de un hospital de tercer nivel en la ciudad de Cartagena durante el año 2011
Medium [electronic resource] /
Statement of responsibility, etc. Lucas Reyes Marin ... [et al.] ; asesor, Nadia Carvajalino Lemos.
260 ## - PUBLICATION, DISTRIBUTION, ETC.
Place of publication, distribution, etc. Cartagena de Indias :
Name of publisher, distributor, etc. Corporación Universitaria Rafael Núñez,
Date of publication, distribution, etc. 2011.
300 ## - PHYSICAL DESCRIPTION
Extent 1 CD-Rom.
336 ## - CONTENT TYPE
Source rdacontent
337 ## - MEDIA TYPE
Source rdamedia
Media type term sin mediacion
Media type code n
338 ## - CARRIER TYPE
Source rdacarrier
Carrier type term volumen
Carrier type code nc
502 ## - DISSERTATION NOTE
Dissertation note Trabajo de grado (Enfermera (o)). Corporacion Universitaria Rafael Nuñez. Facultad de Ciencias de la Salud. Programa de Enfermeria, 2011.
504 ## - BIBLIOGRAPHY, ETC. NOTE
Bibliography, etc. note Incluye bibliografia.
590 ## - LOCAL NOTE (RLIN)
Local note Enfemeria
650 #0 - SUBJECT ADDED ENTRY--TOPICAL TERM
Topical term or geographic name entry element Enfermeria
Form subdivision Tesis y disertaciones academicas.
700 1# - ADDED ENTRY--PERSONAL NAME
Personal name Reyes Marin, Lucas.
700 1# - ADDED ENTRY--PERSONAL NAME
Personal name Tapias Gamboa, Sergio.
700 1# - ADDED ENTRY--PERSONAL NAME
Personal name Gonzalez Arjona, Jose.
700 1# - ADDED ENTRY--PERSONAL NAME
Personal name Rodriguez Gonzalez, Deivis.
700 1# - ADDED ENTRY--PERSONAL NAME
Personal name Carvajalino Lemos, Nadia,
Relator term asesor.
856 7# - ELECTRONIC LOCATION AND ACCESS
Uniform Resource Identifier <a href="https://unicurn.sharepoint.com/:b:/s/biblioteca/ESHp1Ko7ReFLldn-Xyx-CfIBJl74TceCBN7yYdOM2tYvzg?e=OfmetU">https://unicurn.sharepoint.com/:b:/s/biblioteca/ESHp1Ko7ReFLldn-Xyx-CfIBJl74TceCBN7yYdOM2tYvzg?e=OfmetU</a>
Public note Click aqui para ver el recurso en texto completo
942 ## - ADDED ENTRY ELEMENTS (KOHA)
Classification part ENF 2011
Item part R457
Source of classification or shelving scheme Dewey Decimal Classification
Koha item type Trabajos de grado
Existencias
Withdrawn status Lost status Source of classification or shelving scheme Damaged status Not for loan Collection Home library Current library Shelving location Date acquired Cost, normal purchase price Inventory number Total checkouts Full call number Barcode Date last seen Price effective from Koha item type
    Dewey Decimal Classification     Trabajos de grado Miguel Henríquez Emiliani Miguel Henríquez Emiliani Trabajo de grado 03/16/2018 35000.00 021121   ENF 2011 R457 021121 03/16/2018 03/16/2018 Trabajos de grado